Представление документа в формате RUSMARC

ПолеНазваниеЗначение
  Тип записи a
  Библиографический уровень a
001 Контрольный номер RU/CBS_UL/BASE/2b72002243c04a2fb4f7da2758da5c99
005 Дата корректировки 20231027155947.5
100 Данные общей обработки __
a Данные общей обработки 20231027 ||| 0rusy0189 ca
101 Язык документа 0_
a Язык текста rus
102 Страна публикации __
a Страна публикации RU
200 Заглавие и сведения об ответственности 1_
a Заглавие Здоровое питание. 5 актуальных трендов
e Сведения, относящиеся к заглавию [о системах питания, которые помогут поддержать стройность и улучшить здоровье]
300 Общие примечания __
a Общие примечания 16+
461 Уровень набора _0
1 2000
a Дарья
463 Уровень физической единицы _0
1 2000
a № 21
v С. 11 : фот.
1 2101
d 2023
1 001RU/CBS_UL/BASE/b5dac5ae6b814e53a91c445695959509
606 Тематические рубрики 0_
a Основная рубрика Здоровое питание
610 Ключевые слова 0_
a Ключевые слова здоровое питание
610 Ключевые слова 0_
a Ключевые слова диеты
610 Ключевые слова 0_
a Ключевые слова вегетарианская диета
610 Ключевые слова 0_
a Ключевые слова суперфуды
610 Ключевые слова 0_
a Ключевые слова супердринки
610 Ключевые слова 0_
a Ключевые слова биохакинг тела
610 Ключевые слова 0_
a Ключевые слова интуитивное питание
610 Ключевые слова 0_
a Ключевые слова осознанное питание
610 Ключевые слова 0_
a Ключевые слова флекситарианская диета
686 Индексы других классификаций __
2 Код системы rubbk
a Классификационный индекс 51.230
801 Источник записи _0
a Страна RU
b Организация МБУК ЦБС г. Ульяновска
c Дата составления 20231027
g Правила каталогизации RCR
801 Источник записи _1
a Страна RU
b Организация МБУК ЦБС г. Ульяновска
c Дата составления 20231027
g Правила каталогизации RCR
901 Тип документа __
t Тип документа b
w Контрольный № источника RU/CBS_UL/BASE/b5dac5ae6b814e53a91c445695959509